<?xml version="1.0" encoding="UTF-8"?><?xml-stylesheet type="text/xsl" href="static/style.xsl"?><OAI-PMH xmlns="http://www.openarchives.org/OAI/2.0/" xmlns:xsi="http://www.w3.org/2001/XMLSchema-instance" xsi:schemaLocation="http://www.openarchives.org/OAI/2.0/ http://www.openarchives.org/OAI/2.0/OAI-PMH.xsd"><responseDate>2026-04-13T15:15:04Z</responseDate><request verb="GetRecord" identifier="oai:www.recercat.cat:20.500.12328/2883" metadataPrefix="marc">https://recercat.cat/oai/request</request><GetRecord><record><header><identifier>oai:recercat.cat:20.500.12328/2883</identifier><datestamp>2025-05-19T13:58:42Z</datestamp><setSpec>com_2072_67741</setSpec><setSpec>col_2072_484354</setSpec></header><metadata><record xmlns="http://www.loc.gov/MARC21/slim" xmlns:dcterms="http://purl.org/dc/terms/" xmlns:xsi="http://www.w3.org/2001/XMLSchema-instance" xmlns:doc="http://www.lyncode.com/xoai" xsi:schemaLocation="http://www.loc.gov/MARC21/slim http://www.loc.gov/standards/marcxml/schema/MARC21slim.xsd">
   <leader>00925njm 22002777a 4500</leader>
   <datafield ind2=" " ind1=" " tag="042">
      <subfield code="a">dc</subfield>
   </datafield>
   <datafield ind2=" " ind1=" " tag="720">
      <subfield code="a">Gil-Doménech, Dolors</subfield>
      <subfield code="e">author</subfield>
   </datafield>
   <datafield ind2=" " ind1=" " tag="720">
      <subfield code="a">Berbegal-Mirabent, Jasmina</subfield>
      <subfield code="e">author</subfield>
   </datafield>
   <datafield ind2=" " ind1=" " tag="720">
      <subfield code="a">Mas Machuca, Marta</subfield>
      <subfield code="e">author</subfield>
   </datafield>
   <datafield ind2=" " ind1=" " tag="260">
      <subfield code="c">2019</subfield>
   </datafield>
   <datafield ind2=" " ind1=" " tag="520">
      <subfield code="a">The present work aims at presenting a teaching innovation project, the BSMART, which has been implemented at UIC Barcelona in the academic year 2018/19. Conceived as a project to respond to social demands, the B-SMART project aims at creating a collaborative environment and at strengthening the ties between companies (mainly targeted to SMEs, start-ups and NGOs) and the university. To do so, students work on real challenges or projects posed by companies. This approach helps students to better understand the theoretical concepts taught in class as well as to boost soft skills that will be required in their daily practice. In turn, companies gain access to new talent (students), fresh ideas, and the knowledge and infrastructures available at the university. In this study we explain the project and pay special attention to the first two projects solved through the B-SMART project. We use design thinking as the teaching method. Preliminary results show that both students and companies benefit from this experience.</subfield>
   </datafield>
   <datafield ind1="8" ind2=" " tag="024">
      <subfield code="a">Gil-Doménech, Dolors; Berbegal-Mirabent, Jasmina; Mas-Machuca, Marta. B-SMART: a university-industry teaching innovation project. En: 5th International Conference on Higher Education Advances (HEAd’19): València, 26 a 28 de juny de 2019. Universitat Politècnica de València, 2019, p. 1263-1268. Disponible en: &lt;http://ocs.editorial.upv.es/index.php/HEAD/HEAD19/paper/view/9323>. Fecha de acceso: 22 oct. 2021. DOI: 10.4995/HEAd19.2019.9323</subfield>
   </datafield>
   <datafield ind1="8" ind2=" " tag="024">
      <subfield code="a">http://hdl.handle.net/20.500.12328/2883</subfield>
   </datafield>
   <datafield ind1="8" ind2=" " tag="024">
      <subfield code="a">http://dx.doi.org/10.4995/HEAd19.2019.9323</subfield>
   </datafield>
   <datafield tag="653" ind2=" " ind1=" ">
      <subfield code="a">Col·laboració universitat-indústria</subfield>
   </datafield>
   <datafield tag="653" ind2=" " ind1=" ">
      <subfield code="a">Aprenentatge basat en projectes</subfield>
   </datafield>
   <datafield tag="653" ind2=" " ind1=" ">
      <subfield code="a">Disseny pensar</subfield>
   </datafield>
   <datafield tag="653" ind2=" " ind1=" ">
      <subfield code="a">Adquisició d’habilitats</subfield>
   </datafield>
   <datafield tag="653" ind2=" " ind1=" ">
      <subfield code="a">Colaboración universidad-industria</subfield>
   </datafield>
   <datafield tag="653" ind2=" " ind1=" ">
      <subfield code="a">Aprendizaje en base a proyectos</subfield>
   </datafield>
   <datafield tag="653" ind2=" " ind1=" ">
      <subfield code="a">Diseño pensando</subfield>
   </datafield>
   <datafield tag="653" ind2=" " ind1=" ">
      <subfield code="a">Adquisición de habilidades</subfield>
   </datafield>
   <datafield tag="653" ind2=" " ind1=" ">
      <subfield code="a">University-industry collaboration</subfield>
   </datafield>
   <datafield tag="653" ind2=" " ind1=" ">
      <subfield code="a">Project-based learning</subfield>
   </datafield>
   <datafield tag="653" ind2=" " ind1=" ">
      <subfield code="a">Design thinking</subfield>
   </datafield>
   <datafield tag="653" ind2=" " ind1=" ">
      <subfield code="a">Skills acquisition</subfield>
   </datafield>
   <datafield ind2="0" ind1="0" tag="245">
      <subfield code="a">B-SMART: a university-industry teaching innovation project</subfield>
   </datafield>
</record></metadata></record></GetRecord></OAI-PMH>